[Event "FIRST SATURDAY FM-A JUNE 2013"]
[Site "Budapest"]
[Date "2013.06.01"]
[Round "1.2"]
[White "Rabovszky, Gyorgy"]
[Black "Reh, Philipp"]
[Result "1-0"]
[WhiteElo "1913"]
[BlackElo "2068"]
[PlyCount "73"]
[EventDate "2013.06.01"]

1. e4 g6 2. d4 d6 3. Nf3 Nf6 4. Bd3 Bg7 5. O-O O-O 6. h3 Nc6 7. c3 e5 8. Bg5
Qe8 9. d5 Ne7 10. Qd2 Nh5 11. g4 Nf4 12. Bxf4 exf4 13. Re1 Be5 14. Nxe5 dxe5
15. c4 h5 16. gxh5 Kg7 17. Qc3 f6 18. Kh2 Rh8 19. Be2 g5 20. Nd2 Rh6 21. Rg1
Qh8 22. Bg4 Qd8 23. Rad1 Ng8 24. c5 Qe8 25. d6 Be6 26. Nc4 Qf7 27. dxc7 Ne7 28.
Nd6 Qg8 29. c8=Q Rxc8 30. Nxc8 Qxc8 31. Rd6 Bxg4 32. hxg4 Nc6 33. f3 Qe8 34.
Kg2 Rh8 35. Qb3 Qc8 36. Qd5 Rf8 37. Rd1 1-0

[Event "FIRST SATURDAY FM-A JUNE 2013"]
[Site "Budapest"]
[Date "2013.06.01"]
[Round "1.3"]
[White "Darazs, Zoltan"]
[Black "Hocevar, Nikola"]
[Result "1-0"]
[WhiteElo "2142"]
[BlackElo "2005"]
[PlyCount "89"]
[EventDate "2013.06.01"]

1. e4 c5 2. Nf3 g6 3. d4 cxd4 4. Nxd4 Bg7 5. Nc3 Nc6 6. Be3 Nf6 7. Bc4 Qa5 8.
O-O d6 9. Nb3 Qd8 10. h3 a6 11. a4 Ne5 12. Be2 Be6 13. f4 Nc4 14. Bd4 Na5 15.
Nxa5 Qxa5 16. f5 Bd7 17. g4 g5 18. Nd5 Nxd5 19. Bxg7 Rg8 20. exd5 Rxg7 21. Qd4
Qc5 22. Qxc5 dxc5 23. f6 exf6 24. Rxf6 Rg6 25. Rf2 Rd6 26. c4 f6 27. Bd3 Kf7
28. Kg2 h6 29. b3 Re8 30. Kf3 Re5 31. Re2 Rxe2 32. Kxe2 Rb6 33. Bc2 f5 34. gxf5
Rf6 35. Rf1 Ke7 36. Ke3 Kd6 37. Ke4 Be8 38. a5 Bf7 39. b4 cxb4 40. Kd4 h5 41.
c5+ Ke7 42. Rb1 Be8 43. Be4 Bb5 44. Ke5 Rh6 45. d6+ 1-0

[Event "FIRST SATURDAY FM-A JUNE 2013"]
[Site "Budapest"]
[Date "2013.06.01"]
[Round "1.4"]
[White "Montolio Benedicto, Cesar"]
[Black "Szakacs, Aron"]
[Result "1/2-1/2"]
[WhiteElo "1972"]
[BlackElo "1875"]
[PlyCount "83"]
[EventDate "2013.06.01"]

1. e4 c6 2. d4 d5 3. Nc3 dxe4 4. Nxe4 Nd7 5. Qe2 e6 6. Bf4 Qa5+ 7. Bd2 Qd5 8.
Nf3 Ngf6 9. Nc3 Qa5 10. O-O-O b5 11. Kb1 b4 12. Ne4 Qb6 13. Nxf6+ Nxf6 14. Ne5
a5 15. Be3 Nd5 16. Qf3 Qc7 17. Bc4 Bd6 18. Bxd5 cxd5 19. Bf4 Ra6 20. Nd3 O-O
21. Bxd6 Qxd6 22. Qf4 Bd7 23. Qxd6 Rxd6 24. Nc5 Rb8 25. Nxd7 Rxd7 26. Kc1 a4
27. Kd2 Rc7 28. Rb1 Rbc8 29. Rhc1 Rc4 30. Kd3 f6 31. f4 Kf7 32. c3 h6 33. a3 b3
34. Re1 g5 35. g3 gxf4 36. gxf4 Rg8 37. Rg1 Rcc8 38. Ke3 h5 39. Rg3 Rg4 40.
Rbg1 Rcg8 41. Kf3 R4g6 42. R1g2 1/2-1/2

[Event "FIRST SATURDAY FM-A JUNE 2013"]
[Site "Budapest"]
[Date "2013.06.01"]
[Round "1.5"]
[White "Juhasz, Bela"]
[Black "Mester, Attila"]
[Result "1-0"]
[WhiteElo "2222"]
[BlackElo "2075"]
[PlyCount "51"]
[EventDate "2013.06.01"]

1. Nf3 d5 2. d4 Nc6 3. c4 Bg4 4. e3 e5 5. cxd5 Qxd5 6. Nc3 Bb4 7. Be2 Nf6 8.
O-O Bxc3 9. bxc3 Bxf3 10. Bxf3 e4 11. Be2 O-O 12. c4 Qg5 13. Rb1 b6 14. Rb5 Qg6
15. f4 exf3 16. Rxf3 Ne4 17. Bd3 Rfe8 18. Rbf5 Nb4 19. Bxe4 Rxe4 20. Rxf7 Rg4
21. Qf1 h5 22. Rxc7 Nxa2 23. Bb2 Qc2 24. Rf2 Qe4 25. d5 Nb4 26. Rff7 1-0

[Event "FIRST SATURDAY FM-A JUNE 2013"]
[Site "Budapest"]
[Date "2013.06.01"]
[Round "1.6"]
[White "Juracsik, Jozsef"]
[Black "Jelic, Neven"]
[Result "0-1"]
[WhiteElo "2155"]
[BlackElo "2091"]
[PlyCount "87"]
[EventDate "2013.06.01"]

1. e4 c6 2. d4 d5 3. e5 Bf5 4. g4 Bc8 5. Bg2 h5 6. f3 e6 7. g5 g6 8. Ne2 h4 9.
Bh3 Be7 10. Rg1 c5 11. c3 Rh5 12. f4 cxd4 13. Nxd4 Nc6 14. Be3 Qb6 15. b4 Nxd4
16. Bxd4 Qc6 17. Nd2 Bd8 18. a4 Bb6 19. Nf3 Bxd4 20. Qxd4 Bd7 21. b5 Qc4 22.
Qxc4 dxc4 23. Nd4 Ne7 24. Bg2 O-O-O 25. Be4 Kb8 26. a5 Rc8 27. Kf2 Rc5 28. Rgb1
Rh8 29. Rb4 Rhc8 30. a6 b6 31. Kf3 R5c7 32. Kg4 Rh8 33. Raa4 Nd5 34. Bxd5 exd5+
35. Kf3 Bf5 36. Nxf5 gxf5 37. Ke3 h3 38. Ra1 Kc8 39. Rg1 Kd7 40. g6 Ke6 41.
Rbb1 f6 42. g7 Rg8 43. Rg6 Rcxg7 44. Rbg1 0-1

[Event "FIRST SATURDAY FM-A JUNE 2013"]
[Site "Budapest"]
[Date "2013.06.02"]
[Round "2.2"]
[White "Mester, Attila"]
[Black "Juracsik, Jozsef"]
[Result "1/2-1/2"]
[WhiteElo "2075"]
[BlackElo "2155"]
[PlyCount "27"]
[EventDate "2013.06.01"]

1. d4 d5 2. c4 c6 3. cxd5 cxd5 4. Nc3 Nc6 5. Bf4 a6 6. e3 Nf6 7. Nf3 Bf5 8. Bd3
Bxd3 9. Qxd3 e6 10. O-O Bd6 11. Bxd6 Qxd6 12. Rfc1 b5 13. a3 O-O 14. b4 1/2-1/2

[Event "FIRST SATURDAY FM-A JUNE 2013"]
[Site "Budapest"]
[Date "2013.06.02"]
[Round "2.3"]
[White "Szakacs, Aron"]
[Black "Juhasz, Bela"]
[Result "0-1"]
[WhiteElo "1875"]
[BlackElo "2222"]
[PlyCount "106"]
[EventDate "2013.06.01"]

1. e4 c5 2. Nf3 e6 3. d4 cxd4 4. Nxd4 a6 5. Bc4 Nf6 6. Bg5 Be7 7. Nc3 b5 8. Bb3
Qc7 9. f4 b4 10. Na4 h6 11. Bxf6 Bxf6 12. e5 Bh4+ 13. g3 Bb7 14. Rf1 Be7 15.
Qh5 g6 16. Qe2 Nc6 17. O-O-O Qa5 18. Qe4 Rg8 19. h4 Rb8 20. Nf3 Nd8 21. Qd4 Bc6
22. Nd2 Bxa4 23. Nc4 Qb5 24. Bxa4 Qxa4 25. Nb6 Qc6 26. Nxd7 Rc8 27. Rd2 Qb7 28.
Rfd1 Nc6 29. Qe4 Rh8 30. Nf6+ Kf8 31. Rd7 Rc7 32. Rxc7 Qxc7 33. Rd7 Qc8 34. Qd3
Kg7 35. g4 Rd8 36. h5 Rxd7 37. Nxd7 Qb7 38. hxg6 fxg6 39. f5 Bg5+ 40. Kd1 gxf5
41. gxf5 Nxe5 42. Nxe5 Qh1+ 43. Ke2 Qh2+ 44. Kf1 Qxe5 45. fxe6 Qxe6 46. a3 bxa3
47. Qxa3 Qf5+ 48. Kg1 Qg4+ 49. Kf1 Qd1+ 50. Kg2 Qxc2+ 51. Kf3 Qc4 52. Kg2 Qe2+
53. Kh3 Qe3+ 0-1

[Event "FIRST SATURDAY FM-A JUNE 2013"]
[Site "Budapest"]
[Date "2013.06.02"]
[Round "2.4"]
[White "Hocevar, Nikola"]
[Black "Montolio Benedicto, Cesar"]
[Result "1/2-1/2"]
[WhiteElo "2005"]
[BlackElo "1972"]
[PlyCount "91"]
[EventDate "2013.06.01"]

1. d4 Nf6 2. Nf3 g6 3. g3 Bg7 4. Bg2 O-O 5. O-O d6 6. Re1 Nc6 7. d5 Nb4 8. e4
c5 9. a3 Na6 10. c4 Nc7 11. Nc3 Bd7 12. a4 a5 13. h3 Na6 14. Be3 Nb4 15. Qd2
Qc8 16. Kh2 h5 17. Re2 Qc7 18. Rf1 Rad8 19. Nh4 Kh7 20. f4 Ng8 21. Nf3 Bh6 22.
Ne1 b6 23. Nb5 Bxb5 24. axb5 Bg7 25. g4 hxg4 26. hxg4 Nf6 27. Kg3 Rh8 28. Rh1+
Kg8 29. Rxh8+ Kxh8 30. Bf3 Kg8 31. g5 Nd7 32. Bg4 Nf8 33. Nf3 Qa7 34. e5 a4 35.
e6 a3 36. bxa3 Qxa3 37. exf7+ Kxf7 38. Bf2 Ra8 39. Re3 Qa2 40. Qxa2 Rxa2 41.
Re4 Nd3 42. Be3 Nb2 43. Bc1 Nd3 44. Be3 Nb2 45. Bc1 Nd3 46. Be3 1/2-1/2

[Event "FIRST SATURDAY FM-A JUNE 2013"]
[Site "Budapest"]
[Date "2013.06.02"]
[Round "2.5"]
[White "Reh, Philipp"]
[Black "Darazs, Zoltan"]
[Result "1/2-1/2"]
[WhiteElo "2068"]
[BlackElo "2142"]
[PlyCount "69"]
[EventDate "2013.06.01"]

1. d4 Nf6 2. Nf3 g6 3. g3 Bg7 4. Bg2 O-O 5. O-O d5 6. Bf4 c5 7. c3 Nc6 8. Qc1
Qb6 9. dxc5 Qxc5 10. Nbd2 Bg4 11. Nb3 Qb6 12. h3 Bxf3 13. Bxf3 e5 14. Bg5 Ne7
15. Qe3 Qc7 16. Rfd1 Rfd8 17. Qc5 Qxc5 18. Nxc5 b6 19. Nb3 h6 20. Bxf6 Bxf6 21.
e4 dxe4 22. Bxe4 Rac8 23. Kf1 Bg7 24. Bf3 f5 25. Rxd8+ Rxd8 26. Rd1 Rxd1+ 27.
Bxd1 Kf7 28. Be2 Ke6 29. Bc4+ Kd6 30. h4 e4 31. Ke2 Be5 32. Bf7 g5 33. hxg5
hxg5 34. Nd2 b5 35. g4 1/2-1/2

[Event "FIRST SATURDAY FM-A JUNE 2013"]
[Site "Budapest"]
[Date "2013.06.03"]
[Round "3.2"]
[White "Darazs, Zoltan"]
[Black "Farkas, Richard"]
[Result "1/2-1/2"]
[WhiteElo "2142"]
[BlackElo "2198"]
[PlyCount "81"]
[EventDate "2013.06.01"]

1. d4 d5 2. Nf3 Nf6 3. c4 dxc4 4. Nc3 a6 5. e4 b5 6. e5 Nd5 7. a4 Nxc3 8. bxc3
Bb7 9. e6 f6 10. Bf4 Qc8 11. Be2 c6 12. d5 cxd5 13. Bxb8 Rxb8 14. Nd4 Qc5 15.
axb5 axb5 16. Ra5 Bc6 17. Bf3 Rd8 18. Qb1 g6 19. Nxc6 Qxc6 20. Qxb5 Qxb5 21.
Rxb5 Bg7 22. Rxd5 f5 23. Kd2 Rxd5+ 24. Bxd5 O-O 25. Ra1 Rd8 26. Ra8 Rxa8 27.
Bxa8 Kf8 28. Bd5 Ke8 29. Bxc4 Kd8 30. Bb5 Be5 31. h4 h6 32. Kd3 g5 33. h5 Kc7
34. f3 Kd6 35. Bd7 Bg3 36. c4 Kc5 37. Be8 Kd6 38. Bf7 g4 39. Ke3 Ke5 40. fxg4
fxg4 41. Bg8 1/2-1/2

[Event "FIRST SATURDAY FM-A JUNE 2013"]
[Site "Budapest"]
[Date "2013.06.03"]
[Round "3.3"]
[White "Montolio Benedicto, Cesar"]
[Black "Reh, Philipp"]
[Result "1/2-1/2"]
[WhiteElo "1972"]
[BlackElo "2068"]
[PlyCount "42"]
[EventDate "2013.06.01"]

1. e4 g6 2. d4 d6 3. c4 Bg7 4. Nf3 e6 5. Nc3 Ne7 6. Be2 Nd7 7. O-O O-O 8. Be3
h6 9. Qd2 Kh7 10. Rac1 c6 11. d5 exd5 12. exd5 c5 13. Bf4 Nf6 14. Bd3 Bg4 15.
Ne1 a6 16. h3 Bf5 17. Nf3 Qd7 18. Bxf5 Nxf5 19. Rfe1 Rfe8 20. Rxe8 Rxe8 21. Re1
Nh5 1/2-1/2

[Event "FIRST SATURDAY FM-A JUNE 2013"]
[Site "Budapest"]
[Date "2013.06.03"]
[Round "3.5"]
[White "Juracsik, Jozsef"]
[Black "Szakacs, Aron"]
[Result "1-0"]
[WhiteElo "2155"]
[BlackElo "1875"]
[PlyCount "55"]
[EventDate "2013.06.01"]

1. e4 c6 2. d4 d5 3. e5 Bf5 4. g4 Be4 5. f3 Bg6 6. h4 h5 7. Ne2 hxg4 8. Nf4 e6
9. Nxg6 fxg6 10. Qd3 Kf7 11. fxg4 Rxh4 12. Qf3+ Ke8 13. Bd3 Rxh1+ 14. Qxh1 Be7
15. Qh8 Bh4+ 16. Ke2 Kd7 17. Qxg7+ Ne7 18. Nd2 Bg5 19. Nb3 Bxc1 20. Nc5+ Kc8
21. Rxc1 b6 22. Nxe6 Qd7 23. Qf7 Kb7 24. Rh1 Na6 25. Rh7 Re8 26. Bxa6+ Kxa6 27.
Qxe8 Qxe6 28. Kf3 1-0

[Event "FIRST SATURDAY FM-A JUNE 2013"]
[Site "Budapest"]
[Date "2013.06.03"]
[Round "3.6"]
[White "Jelic, Neven"]
[Black "Mester, Attila"]
[Result "0-1"]
[WhiteElo "2091"]
[BlackElo "2075"]
[PlyCount "142"]
[EventDate "2013.06.01"]

1. d4 Nf6 2. Nf3 c5 3. c3 d5 4. Bf4 Qb6 5. Qb3 Nc6 6. Nbd2 c4 7. Qxb6 axb6 8.
a3 b5 9. Rc1 Bf5 10. Nh4 Bd7 11. Bg5 Ne4 12. Nhf3 Nxg5 13. Nxg5 f6 14. Ngf3 e5
15. dxe5 fxe5 16. e4 d4 17. Be2 d3 18. Bd1 Be6 19. Ng5 Bg8 20. Bg4 Nd8 21. O-O
Be7 22. Ngf3 Nc6 23. h4 h6 24. g3 Bf7 25. Kg2 O-O 26. Ra1 Ra6 27. Rab1 Rd8 28.
Rfc1 Kf8 29. Kf1 g6 30. Kg2 Bd6 31. Kf1 Ke7 32. Kg2 Rda8 33. Bh3 Na5 34. Bg4
Rf8 35. Ra1 h5 36. Bh3 Nb3 37. Nxb3 cxb3 38. Nd2 Bc5 39. Rf1 Rf6 40. f4 exf4
41. gxf4 Be3 42. Rad1 Bxf4 43. Nf3 Bc4 44. Nd2 Be3 45. Rxf6 Rxf6 46. Nf3 d2 47.
Nd4 Rf2+ 48. Kg3 Bd3 49. Nxb3 Bc2 50. Rxd2 Rxd2 51. Nxd2 Bxd2 52. Bf1 Bxe4 53.
Bxb5 Bc1 54. b3 Bxa3 55. Kf4 Bc2 56. Ba4 Kf6 57. Kf3 Bb2 58. c4 Bc3 59. c5 Be1
60. c6 bxc6 61. Bxc6 Bxb3 62. Kg2 Bxh4 63. Kh3 Be1 64. Bf3 Ke5 65. Be2 Kf4 66.
Kh2 h4 67. Kh3 Be6+ 68. Kh2 Bg3+ 69. Kh1 Bd5+ 70. Kg1 h3 71. Kf1 h2 0-1

[Event "FIRST SATURDAY FM-A JUNE 2013"]
[Site "Budapest"]
[Date "2013.06.04"]
[Round "4.2"]
[White "Szakacs, Aron"]
[Black "Jelic, Neven"]
[Result "0-1"]
[WhiteElo "1875"]
[BlackElo "2091"]
[PlyCount "58"]
[EventDate "2013.06.01"]

1. e4 c6 2. d4 d5 3. Nc3 dxe4 4. Nxe4 Nf6 5. Nxf6+ exf6 6. Bc4 Bd6 7. Qh5 Qe7+
8. Ne2 Be6 9. Bd3 Bd5 10. Be3 Nd7 11. O-O Be4 12. Bxe4 Qxe4 13. Rfe1 O-O 14. c4
Bb4 15. Red1 Rfe8 16. Qh3 Nf8 17. Ng3 Qg6 18. d5 cxd5 19. cxd5 Bd6 20. Nf5 Rad8
21. Rd4 h5 22. Rh4 Nh7 23. Rxh5 Be5 24. Rd1 Bxb2 25. d6 Re5 26. Ne7+ Rxe7 27.
Bxa7 Red7 28. Bb6 Rxd6 29. Rxd6 Qb1+ 0-1

[Event "FIRST SATURDAY FM-A JUNE 2013"]
[Site "Budapest"]
[Date "2013.06.04"]
[Round "4.3"]
[White "Hocevar, Nikola"]
[Black "Juracsik, Jozsef"]
[Result "1-0"]
[WhiteElo "2005"]
[BlackElo "2155"]
[PlyCount "99"]
[EventDate "2013.06.01"]

1. d4 Nf6 2. Nf3 c5 3. c3 b6 4. dxc5 bxc5 5. e4 Nc6 6. Bd3 g6 7. O-O Bg7 8. h3
O-O 9. e5 Ne8 10. Re1 Nc7 11. Nbd2 Ne6 12. Nc4 Qc7 13. Qe2 Bb7 14. Be4 Ba6 15.
Bd5 Rab8 16. Qe4 Bb7 17. Qd3 Na5 18. b3 Bxd5 19. Qxd5 Nxc4 20. Qxc4 Qa5 21. Bd2
Qb5 22. Qxb5 Rxb5 23. c4 Rb6 24. Rac1 d6 25. exd6 Rxd6 26. Be3 h6 27. Red1 Rfd8
28. Rxd6 Rxd6 29. Kf1 f5 30. Ke2 f4 31. Bd2 Ra6 32. Rc2 g5 33. Kd3 h5 34. Bc3
g4 35. hxg4 hxg4 36. Ne5 Bxe5 37. Bxe5 Nd4 38. Rd2 f3 39. g3 Nc6 40. Ke4 Kf7
41. Bc3 Nb4 42. Bxb4 cxb4 43. Kf4 Re6 44. Kxg4 Re2 45. Rd3 Rxa2 46. Kxf3 a5 47.
Ke3 Ra1 48. Kd4 a4 49. bxa4 b3 50. Rxb3 1-0

[Event "FIRST SATURDAY FM-A JUNE 2013"]
[Site "Budapest"]
[Date "2013.06.04"]
[Round "4.4"]
[White "Reh, Philipp"]
[Black "Juhasz, Bela"]
[Result "1/2-1/2"]
[WhiteElo "2068"]
[BlackElo "2222"]
[PlyCount "25"]
[EventDate "2013.06.01"]

1. g3 Nf6 2. Nf3 g6 3. Bg2 Bg7 4. O-O O-O 5. d4 d6 6. c4 Nc6 7. Nc3 Bf5 8. d5
Na5 9. Nd4 Bd7 10. b3 c5 11. dxc6 Nxc6 12. Bb2 Qa5 13. e3 1/2-1/2

[Event "FIRST SATURDAY FM-A JUNE 2013"]
[Site "Budapest"]
[Date "2013.06.04"]
[Round "4.5"]
[White "Farkas, Richard"]
[Black "Montolio Benedicto, Cesar"]
[Result "1-0"]
[WhiteElo "2198"]
[BlackElo "1972"]
[PlyCount "71"]
[EventDate "2013.06.01"]

1. e4 e5 2. Nf3 Nc6 3. Bb5 a6 4. Bxc6 dxc6 5. O-O f6 6. d4 exd4 7. Nxd4 c5 8.
Nb3 Qxd1 9. Rxd1 Bg4 10. f3 Be6 11. Be3 b6 12. Nc3 Bd6 13. a4 Kf7 14. a5 c4 15.
Nd4 b5 16. f4 Ne7 17. e5 fxe5 18. fxe5 Bxe5 19. Rf1+ Bf6 20. Bg5 Rad8 21. Bxf6
gxf6 22. Ne4 Rxd4 23. Rxf6+ Kg7 24. Rxe6 Ng6 25. Ng3 Rd2 26. Rxa6 Rxc2 27. Nf5+
Kf7 28. Rf1 Rxb2 29. Nd6+ Kg7 30. Ra7 Rf8 31. Rxc7+ Kg8 32. Rxf8+ Nxf8 33. a6
Ra2 34. a7 c3 35. Nxb5 c2 36. Rxc2 1-0

[Event "FIRST SATURDAY FM-A JUNE 2013"]
[Site "Budapest"]
[Date "2013.06.04"]
[Round "4.6"]
[White "Rabovszky, Gyorgy"]
[Black "Darazs, Zoltan"]
[Result "0-1"]
[WhiteElo "1913"]
[BlackElo "2142"]
[PlyCount "64"]
[EventDate "2013.06.01"]

1. e4 c5 2. Nc3 Nc6 3. f4 g6 4. Nf3 Bg7 5. Bc4 e6 6. O-O Nge7 7. Qe1 O-O 8. d3
d5 9. Bb3 Nd4 10. Nxd4 cxd4 11. Ne2 a5 12. c3 dxe4 13. dxe4 d3 14. Ng3 a4 15.
Bd1 a3 16. bxa3 Qc7 17. Bb2 Rd8 18. Bb3 Nc6 19. f5 Ne5 20. Rd1 b5 21. fxe6 Bxe6
22. Bxe6 fxe6 23. Bc1 Nc4 24. Rf3 Ne5 25. Rf2 Ng4 26. Rf3 Bxc3 27. Bd2 Rxa3 28.
Bxc3 Rxc3 29. Ne2 dxe2 30. Rxd8+ Qxd8 31. Rxc3 Qd4+ 32. Kh1 Nf2+ 0-1

[Event "FIRST SATURDAY FM-A JUNE 2013"]
[Site "Budapest"]
[Date "2013.06.05"]
[Round "5.2"]
[White "Montolio Benedicto, Cesar"]
[Black "Rabovszky, Gyorgy"]
[Result "1/2-1/2"]
[WhiteElo "1972"]
[BlackElo "1913"]
[PlyCount "35"]
[EventDate "2013.06.01"]

1. e4 c5 2. c3 d5 3. exd5 Qxd5 4. d4 e5 5. dxe5 Qxe5+ 6. Be2 Nf6 7. Nf3 Qd5 8.
O-O Be7 9. Na3 Qxd1 10. Rxd1 O-O 11. Bf4 Nc6 12. Nb5 Bf5 13. Bd6 Ne4 14. Bxe7
Nxe7 15. Nd6 Nxd6 16. Rxd6 Rfd8 17. Rad1 Nc6 18. Rxd8+ 1/2-1/2

[Event "FIRST SATURDAY FM-A JUNE 2013"]
[Site "Budapest"]
[Date "2013.06.05"]
[Round "5.3"]
[White "Juhasz, Bela"]
[Black "Farkas, Richard"]
[Result "1-0"]
[WhiteElo "2222"]
[BlackElo "2198"]
[PlyCount "53"]
[EventDate "2013.06.01"]

1. Nf3 d5 2. d4 Nf6 3. c4 dxc4 4. e3 a6 5. Bxc4 e6 6. O-O b5 7. Bd3 Bb7 8. a4
b4 9. Nbd2 Nbd7 10. Qe2 c5 11. a5 cxd4 12. exd4 Be7 13. Nc4 Nd5 14. Bd2 h6 15.
Rfe1 O-O 16. Rad1 N7f6 17. Nfe5 Qb8 18. h4 Qa7 19. Bc1 Rad8 20. g4 Nh7 21. g5
hxg5 22. Bxh7+ Kxh7 23. Qh5+ Kg8 24. hxg5 g6 25. Nxg6 fxg6 26. Qxg6+ Kh8 27.
Rd3 1-0

[Event "FIRST SATURDAY FM-A JUNE 2013"]
[Site "Budapest"]
[Date "2013.06.05"]
[Round "5.6"]
[White "Mester, Attila"]
[Black "Szakacs, Aron"]
[Result "1-0"]
[WhiteElo "2075"]
[BlackElo "1875"]
[PlyCount "42"]
[EventDate "2013.06.01"]

1. e4 c6 2. d4 d5 3. f3 dxe4 4. fxe4 e5 5. Nf3 exd4 6. Bc4 Be6 7. Bxe6 fxe6 8.
O-O Nf6 9. Ng5 e5 10. c3 h6 11. Ne6 Qe7 12. Qb3 Na6 13. cxd4 exd4 14. Bf4 Qd7
15. Nd2 Nc5 16. Nxc5 Bxc5 17. e5 Ng4 18. Ne4 Be7 19. h3 Ne3 20. Bxe3 dxe3 21.
Qf7+ Kd8 1-0

[Event "FIRST SATURDAY FM-A JUNE 2013"]
[Site "Budapest"]
[Date "2013.06.06"]
[Round "6.2"]
[White "Hocevar, Nikola"]
[Black "Mester, Attila"]
[Result "1-0"]
[WhiteElo "2005"]
[BlackElo "2075"]
[PlyCount "95"]
[EventDate "2013.06.01"]

1. d4 Nf6 2. Nf3 c5 3. e3 g6 4. c3 Bg7 5. Nbd2 b6 6. Bd3 O-O 7. e4 d6 8. O-O
Nbd7 9. Re1 Qc7 10. d5 Ng4 11. Bc2 e5 12. dxe6 fxe6 13. Nc4 Nde5 14. Nfxe5 Nxe5
15. Nxe5 Bxe5 16. g3 Bb7 17. Qg4 Qf7 18. f4 Bg7 19. Be3 d5 20. e5 Rad8 21. Rad1
Qd7 22. Bf2 Rf5 23. h4 Rdf8 24. Rd2 Qc6 25. Kh2 Qe8 26. Be3 h5 27. Qh3 Qf7 28.
Bxf5 gxf5 29. Qf1 Kh7 30. b4 c4 31. Bd4 Rg8 32. a4 Bf8 33. Ra1 Qg6 34. Qf3 Be7
35. Rg2 Qe8 36. a5 bxa5 37. Rxa5 a6 38. Rga2 Bd8 39. Rxa6 Bxa6 40. Rxa6 Kh6 41.
Qxd5 Rg6 42. Qf3 Be7 43. Qc6 Qg8 44. Ra8 Qg7 45. Bf2 Kh7 46. b5 Qh6 47. Qe8 Qg7
48. Ra7 1-0

[Event "FIRST SATURDAY FM-A JUNE 2013"]
[Site "Budapest"]
[Date "2013.06.06"]
[Round "6.3"]
[White "Reh, Philipp"]
[Black "Jelic, Neven"]
[Result "1/2-1/2"]
[WhiteElo "2068"]
[BlackElo "2091"]
[PlyCount "25"]
[EventDate "2013.06.01"]

1. d4 Nf6 2. Nf3 c5 3. e3 e6 4. Bd3 d5 5. b3 Be7 6. Bb2 Nc6 7. a3 cxd4 8. exd4
O-O 9. Nbd2 Bd7 10. Ne5 Qb6 11. Ndf3 Rfd8 12. Qe2 Rac8 13. O-O 1/2-1/2

[Event "FIRST SATURDAY FM-A JUNE 2013"]
[Site "Budapest"]
[Date "2013.06.06"]
[Round "6.4"]
[White "Farkas, Richard"]
[Black "Juracsik, Jozsef"]
[Result "1/2-1/2"]
[WhiteElo "2198"]
[BlackElo "2155"]
[PlyCount "20"]
[EventDate "2013.06.01"]

1. e4 c5 2. Nf3 d6 3. d4 cxd4 4. Qxd4 Bd7 5. Be2 Nc6 6. Qe3 Nf6 7. h3 g6 8. c4
Bg7 9. O-O O-O 10. Nc3 Nb4 1/2-1/2

[Event "FIRST SATURDAY FM-A JUNE 2013"]
[Site "Budapest"]
[Date "2013.06.06"]
[Round "6.5"]
[White "Rabovszky, Gyorgy"]
[Black "Juhasz, Bela"]
[Result "1/2-1/2"]
[WhiteElo "1913"]
[BlackElo "2222"]
[PlyCount "31"]
[EventDate "2013.06.01"]

1. e4 c5 2. Nc3 Nc6 3. f4 d6 4. Bc4 Nf6 5. Nf3 e6 6. d3 d5 7. Bb3 b5 8. e5 Nd7
9. a3 c4 10. dxc4 bxc4 11. Ba4 Bb7 12. Be3 Be7 13. O-O O-O 14. Bxc6 Bxc6 15. f5
exf5 16. Nxd5 1/2-1/2

[Event "FIRST SATURDAY FM-A JUNE 2013"]
[Site "Budapest"]
[Date "2013.06.06"]
[Round "6.6"]
[White "Darazs, Zoltan"]
[Black "Montolio Benedicto, Cesar"]
[Result "1-0"]
[WhiteElo "2142"]
[BlackElo "1972"]
[PlyCount "95"]
[EventDate "2013.06.01"]

1. e4 e5 2. Nf3 Nc6 3. Bb5 a6 4. Ba4 Nf6 5. d4 exd4 6. O-O Be7 7. Re1 b5 8. e5
Nxe5 9. Rxe5 d6 10. Re1 bxa4 11. Nxd4 Bd7 12. Qf3 O-O 13. Nc6 Bxc6 14. Qxc6 Nd7
15. Nc3 Nb6 16. Nxa4 Nxa4 17. Qxa4 Bf6 18. c3 Re8 19. Qxe8+ Qxe8 20. Rxe8+ Rxe8
21. Be3 Rb8 22. b3 Bxc3 23. Rc1 Ba5 24. Rc6 Bb6 25. Bxb6 Rxb6 26. Rxc7 g6 27.
Kf1 Kg7 28. Ke2 h5 29. Kd3 Kf6 30. Kc4 Ke6 31. h3 Rb5 32. Rc6 Ra5 33. a4 Kd7
34. Rb6 Kc7 35. Rb4 Rf5 36. f3 h4 37. Kc3 g5 38. Rc4+ Kb6 39. b4 Re5 40. Re4
Rd5 41. Rd4 Kc6 42. Rxd5 Kxd5 43. Kd3 f6 44. Kc3 Kc6 45. Kd4 d5 46. b5+ axb5
47. axb5+ Kxb5 48. Kxd5 1-0

[Event "FIRST SATURDAY FM-A JUNE 2013"]
[Site "Budapest"]
[Date "2013.06.07"]
[Round "7.4"]
[White "Jelic, Neven"]
[Black "Farkas, Richard"]
[Result "1/2-1/2"]
[WhiteElo "2091"]
[BlackElo "2198"]
[PlyCount "33"]
[EventDate "2013.06.01"]

1. d4 Nf6 2. Nf3 c5 3. d5 e6 4. c4 exd5 5. cxd5 d6 6. Nc3 g6 7. e4 Bg7 8. Bd3
O-O 9. h3 Re8 10. O-O a6 11. a4 Qc7 12. Re1 Nbd7 13. a5 Rb8 14. Bf4 Nh5 15. Bh2
Ne5 16. Be2 Nd7 17. Nd2 1/2-1/2

[Event "FIRST SATURDAY FM-A JUNE 2013"]
[Site "Budapest"]
[Date "2013.06.07"]
[Round "7.6"]
[White "Szakacs, Aron"]
[Black "Hocevar, Nikola"]
[Result "0-1"]
[WhiteElo "1875"]
[BlackElo "2005"]
[PlyCount "96"]
[EventDate "2013.06.01"]

1. e4 c5 2. Nf3 Nc6 3. d4 cxd4 4. Nxd4 g6 5. Bc4 Bg7 6. Nxc6 bxc6 7. Nc3 Qa5 8.
Qf3 e6 9. Bd2 Qc5 10. Bd3 a5 11. O-O Ne7 12. Na4 Qa7 13. Rfe1 d6 14. Be3 Qb7
15. Nb6 Rb8 16. Nc4 Qc7 17. e5 Bxe5 18. Nxe5 dxe5 19. Bh6 Rg8 20. b3 f5 21. Qg3
f4 22. Qg5 Nf5 23. Bxf5 exf5 24. Qxf4 Rb5 25. c4 Kf7 26. Qe3 f4 27. Qc3 Rc5 28.
Bg5 h6 29. b4 axb4 30. Qxb4 Qa5 31. Qxa5 Rxa5 32. Bxh6 g5 33. Red1 Be6 34. Rd6
Rg6 35. Bxg5 Rxg5 36. Rxc6 e4 37. Kf1 Rgc5 38. Rxc5 Rxc5 39. a4 Bxc4+ 40. Ke1
Ra5 41. g3 f3 42. Kd2 Ke6 43. Ke3 Ke5 44. g4 Rd5 45. Ra3 Rd1 46. Rc3 Re1+ 47.
Kd2 Re2+ 48. Kd1 Kd4 0-1

[Event "FIRST SATURDAY FM-A JUNE 2013"]
[Site "Budapest"]
[Date "2013.06.08"]
[Round "8.3"]
[White "Farkas, Richard"]
[Black "Mester, Attila"]
[Result "1-0"]
[WhiteElo "2198"]
[BlackElo "2075"]
[PlyCount "85"]
[EventDate "2013.06.01"]

1. e4 c5 2. Nf3 d6 3. d4 cxd4 4. Qxd4 Nc6 5. Bb5 Bd7 6. Bxc6 Bxc6 7. Nc3 Nf6 8.
Bg5 e6 9. O-O-O Be7 10. Qd3 O-O 11. Nd4 Qa5 12. f4 Rfd8 13. Kb1 Rab8 14. f5 e5
15. Nb3 Qc7 16. Bxf6 Bxf6 17. h4 b5 18. Qe2 a5 19. Nd5 Bxd5 20. Rxd5 a4 21. Nc1
a3 22. bxa3 Qa7 23. Rh3 b4 24. a4 Qxa4 25. g4 Be7 26. g5 f6 27. h5 fxg5 28. h6
g6 29. fxg6 hxg6 30. Rh2 Qd7 31. Nd3 Rf8 32. Nxe5 Qe6 33. Nc6 Rbe8 34. Nxe7+
Rxe7 35. Rxg5 Kh7 36. Rhg2 Rf6 37. R2g4 Ref7 38. e5 Ra7 39. Qc4 d5 40. Qd3 Rf5
41. Rxg6 Qxe5 42. Rg1 Qe4 43. Qh3 1-0

[Event "FIRST SATURDAY FM-A JUNE 2013"]
[Site "Budapest"]
[Date "2013.06.08"]
[Round "8.4"]
[White "Rabovszky, Gyorgy"]
[Black "Jelic, Neven"]
[Result "0-1"]
[WhiteElo "1913"]
[BlackElo "2091"]
[PlyCount "106"]
[EventDate "2013.06.01"]

1. e4 c6 2. d4 d5 3. f3 dxe4 4. fxe4 e5 5. Nf3 Bg4 6. Bc4 Nd7 7. O-O Ngf6 8.
Qe1 Bxf3 9. Rxf3 Qb6 10. Bd3 Qxd4+ 11. Kh1 Nc5 12. Nc3 Nxd3 13. Rxd3 Qc4 14.
Qg3 Qe6 15. Bg5 Be7 16. Rad1 O-O 17. Qh4 Rfd8 18. Rh3 Rxd1+ 19. Nxd1 h5 20. Ne3
Rd8 21. Bxf6 Bxf6 22. Qxh5 g6 23. Qe2 Qxa2 24. g4 Qxb2 25. Rf3 Bg5 26. Kg2 Qc1
27. Nf1 Bf4 28. h4 Rd1 29. g5 Rd4 30. Rd3 Qb2 31. Rb3 Qa2 32. Rxb7 Qa4 33. Kf3
Qc4 34. Rxa7 Rxe4 35. Qxc4 Rxc4 36. Ra2 Kf8 37. Ke2 Rc3 38. Nd2 Re3+ 39. Kd1
Rh3 40. Ne4 Rxh4 41. Ra6 Be3 42. Ra4 Kg7 43. Rc4 Bxg5 44. Ke2 f5 45. Nd6 Rxc4
46. Nxc4 Kf6 47. Na5 c5 48. c4 Ke6 49. Nb3 Kd6 50. Kf3 e4+ 51. Kf2 f4 52. Ke2
f3+ 53. Kf2 Bf4 0-1